=LDR 00000nam 2200000 4500 =001 INLIS000000000036612 =005 20210531104435 =035 ##$$a 0010-061300000036612 =008 210531################g##########0#ind## =041 ##$$a Ind =082 ##$$a 745.5 =090 ##$$a 745.5, Sha k =100 ##$$a Shakespeare, William =245 1#$$a Kisah klasik versi komik klasik modern!romeo dan juliet, /$c William Shakes Peare =260 ##$$a Jakarta :$b elex,$c 2010 =300 ##$$a 207 hlm, : $b ilus, ; $c 23 cm =650 #4$$a Komik Bacaan =850 ##$$a NBPNMAT =020 ##$$a 978-979-27-8079-6 =084 ##$$a 745.5 SHA k =990 ##$$a 21101318 =990 ##$$a 21101321 =990 ##$$a 21101319 =990 ##$$a 24582458 =990 ##$$a 30612 =990 ##$$a 21101318 =990 ##$$a 21101321 =990 ##$$a 21101319 =990 ##$$a 30612 =990 ##$$a 21101318 =990 ##$$a 21101321 =990 ##$$a 21101319